<?xml version="1.0" encoding="UTF-8"?>
<record
    xmlns:xsi="http://www.w3.org/2001/XMLSchema-instance"
    xsi:schemaLocation="http://www.loc.gov/MARC21/slim http://www.loc.gov/standards/marcxml/schema/MARC21slim.xsd"
    xmlns="http://www.loc.gov/MARC21/slim">

  <leader>04212nam a2200433Ia 4500</leader>
  <controlfield tag="003">OSt</controlfield>
  <controlfield tag="005">20260629142644.0</controlfield>
  <controlfield tag="008">  2310s2021    ua a   frm      000 engnd d</controlfield>
  <datafield tag="040" ind1=" " ind2=" ">
    <subfield code="a">EG-EULC</subfield>
    <subfield code="b">eng</subfield>
    <subfield code="c">EG-EULC</subfield>
    <subfield code="d">EG-EULC</subfield>
    <subfield code="e">rda</subfield>
  </datafield>
  <datafield tag="041" ind1="0" ind2=" ">
    <subfield code="a">eng</subfield>
    <subfield code="b">eng</subfield>
    <subfield code="b">ara</subfield>
  </datafield>
  <datafield tag="049" ind1=" " ind2=" ">
    <subfield code="a">Deposit</subfield>
  </datafield>
  <datafield tag="082" ind1=" " ind2=" ">
    <subfield code="a">610</subfield>
  </datafield>
  <datafield tag="092" ind1=" " ind2=" ">
    <subfield code="a">610</subfield>
    <subfield code="2">21</subfield>
  </datafield>
  <datafield tag="097" ind1=" " ind2=" ">
    <subfield code="a">M.Sc</subfield>
  </datafield>
  <datafield tag="099" ind1=" " ind2=" ">
    <subfield code="a">Cai01.21.07.M.Sc.2021.Am.E</subfield>
  </datafield>
  <datafield tag="100" ind1=" " ind2=" ">
    <subfield code="a">Amany Ibrahim Marae Farek,</subfield>
    <subfield code="e">preparation.</subfield>
  </datafield>
  <datafield tag="245" ind1=" " ind2=" ">
    <subfield code="a">Efficacy of low-level laser on renal pruritus in hemodialysis patients /</subfield>
    <subfield code="c">by Amany Ibrahim Marae Farek ; Supervised Prof.Dr. Zakaria Mowafy Emam, Prof.Dr. Sherif Ahmed Swar, Prof.Dr. Marwa Mahdy Abdelhameed</subfield>
  </datafield>
  <datafield tag="246" ind1=" " ind2=" ">
    <subfield code="a">&#x641;&#x627;&#x639;&#x644;&#x64A;&#x629; &#x627;&#x644;&#x644;&#x64A;&#x632;&#x631; &#x645;&#x646;&#x62E;&#x641;&#x636; &#x627;&#x644;&#x634;&#x62F;&#x629; &#x639;&#x644;&#x649; &#x627;&#x644;&#x62D;&#x643;&#x629; &#x627;&#x644;&#x643;&#x644;&#x648;&#x64A;&#x629; &#x641;&#x64A; &#x645;&#x631;&#x636;&#x649; &#x627;&#x644;&#x63A;&#x633;&#x64A;&#x644; &#x627;&#x644;&#x643;&#x644;&#x648;&#x64A;</subfield>
  </datafield>
  <datafield tag="264" ind1=" " ind2="0">
    <subfield code="c">2021.</subfield>
  </datafield>
  <datafield tag="300" ind1=" " ind2=" ">
    <subfield code="a">106 p. :</subfield>
    <subfield code="b">illustrations ;</subfield>
    <subfield code="c">25cm+</subfield>
    <subfield code="e">CD</subfield>
  </datafield>
  <datafield tag="336" ind1=" " ind2=" ">
    <subfield code="2">rda content</subfield>
    <subfield code="a">text</subfield>
  </datafield>
  <datafield tag="337" ind1=" " ind2=" ">
    <subfield code="2">rdamedia</subfield>
    <subfield code="a">Unmediated</subfield>
  </datafield>
  <datafield tag="338" ind1=" " ind2=" ">
    <subfield code="2">rdacarrier</subfield>
    <subfield code="a">volume</subfield>
  </datafield>
  <datafield tag="502" ind1=" " ind2=" ">
    <subfield code="a">Thesis (M.Sc.)-Cairo University - Faculty of Physical Therapy - Department of Physical Therapy for Surgery</subfield>
  </datafield>
  <datafield tag="504" ind1=" " ind2=" ">
    <subfield code="a">Bibliography: p. 81-89.</subfield>
  </datafield>
  <datafield tag="520" ind1=" " ind2="3">
    <subfield code="a">Purpose: The current study was conducted to evaluate efficacy of low-level laser on renal pruritus in hemodialysis patients.
Subject and Methods: Thirty patients who established diagnosis of chronic renal failure with age ranged from 35-60years were selected randomly from Hemodialysis Unit of Al-Galaa military Hospital ,Only who agreed to be volunteers participated in the study and were randomized into two groups of equal number, 15 patients for each group, group (A) received low level laser therapy 3times/week for 8 consecutive weeks and anti-histamine and their conventional medical care.group (B) who only received anti-histamine and their conventional medical care Parameters: Itching visual analogue scale (VAS) and 5-D Pruritus scale.
Results: The results showed that there was significant decrease in the results of VAS and 5-D pruritus; but the results of group (A) were superior to that of group (B) when comparing the groups results together.
Conclusion: It can be concluded that low level laser therapy (LLLT) relief itching pain and can lower progression of renal pruritus in patients undergoing heamodialysis</subfield>
  </datafield>
  <datafield tag="520" ind1=" " ind2="3">
    <subfield code="a">&#x627;&#x644;&#x63A;&#x631;&#x636; &#x645;&#x646; &#x627;&#x644;&#x62F;&#x631;&#x627;&#x633;&#x629; &#x627;&#x644;&#x62D;&#x627;&#x644;&#x64A;&#x629; &#x62F;&#x631;&#x627;&#x633;&#x629; &#x641;&#x627;&#x639;&#x644;&#x64A;&#x629; &#x627;&#x644;&#x644;&#x64A;&#x632;&#x631; &#x645;&#x646;&#x62E;&#x641;&#x636; &#x627;&#x644;&#x634;&#x62F;&#x629; &#x639;&#x644;&#x649; &#x627;&#x644;&#x62D;&#x643;&#x629; &#x627;&#x644;&#x643;&#x644;&#x648;&#x64A;&#x629; &#x641;&#x64A; &#x645;&#x631;&#x636;&#x649; &#x627;&#x644;&#x63A;&#x633;&#x64A;&#x644; &#x627;&#x644;&#x643;&#x644;&#x648;&#x64A; &#x648;&#x627;&#x633;&#x62A;&#x63A;&#x631;&#x642;&#x62A; &#x627;&#x644;&#x62F;&#x631;&#x627;&#x633;&#x629; &#x668; &#x623;&#x633;&#x627;&#x628;&#x64A;&#x639; &#x645;&#x62A;&#x62A;&#x627;&#x644;&#x64A;&#x647; &#x627;&#x634;&#x62A;&#x631;&#x643; &#x641;&#x64A;&#x647;&#x627; &#x6F3;&#x6F0; &#x645;&#x631;&#x64A;&#x636;&#x627; &#x62A;&#x645; &#x625;&#x62E;&#x62A;&#x64A;&#x627;&#x631;&#x647;&#x645; &#x645;&#x646; &#x648;&#x62D;&#x62F;&#x629; &#x627;&#x644;&#x63A;&#x633;&#x64A;&#x644; &#x627;&#x644;&#x643;&#x644;&#x648;&#x64A; &#x628;&#x645;&#x633;&#x62A;&#x634;&#x641;&#x649; &#x627;&#x644;&#x62C;&#x644;&#x627;&#x621; &#x627;&#x644;&#x639;&#x633;&#x643;&#x631;&#x64A; &#x628;&#x627;&#x644;&#x642;&#x627;&#x647;&#x631;&#x629; &#x62A;&#x62A;&#x631;&#x627;&#x648;&#x62D; &#x623;&#x639;&#x645;&#x627;&#x631;&#x647;&#x645; &#x645;&#x627;&#x628;&#x64A;&#x646;35-60&#x639;&#x627;&#x645;&#x627; &#x645;&#x646; &#x627;&#x644;&#x630;&#x643;&#x648;&#x631;&#x648;&#x62A;&#x645; &#x62A;&#x642;&#x633;&#x64A;&#x645;&#x647;&#x645; &#x639;&#x634;&#x648;&#x627;&#x626;&#x64A;&#x627; &#x625;&#x644;&#x649; &#x645;&#x62C;&#x645;&#x648;&#x639;&#x62A;&#x64A;&#x646; &#x645;&#x62A;&#x633;&#x627;&#x648;&#x64A;&#x62A;&#x64A;&#x646; &#x60C; &#x627;&#x644;&#x645;&#x62C;&#x645;&#x648;&#x639;&#x629; &#x627;&#x644;&#x623;&#x648;&#x644;&#x64A; &#x62A;&#x643;&#x648;&#x646;&#x62A; &#x645;&#x646; &#x6F1;&#x665;&#x645;&#x631;&#x64A;&#x636;&#x627; &#x645;&#x645;&#x646; &#x62A;&#x644;&#x642;&#x648;&#x627; &#x627;&#x644;&#x639;&#x644;&#x627;&#x62C; &#x628;&#x627;&#x644;&#x644;&#x64A;&#x632;&#x631; &#x645;&#x646;&#x62E;&#x641;&#x636; &#x627;&#x644;&#x634;&#x62F;&#x629; &#x648;&#x645;&#x636;&#x627;&#x62F;&#x627;&#x62A; &#x627;&#x644;&#x647;&#x64A;&#x633;&#x62A;&#x627;&#x645;&#x64A;&#x646; &#x648;&#x643;&#x630;&#x644;&#x643; &#x627;&#x644;&#x631;&#x639;&#x627;&#x64A;&#x629; &#x627;&#x644;&#x637;&#x628;&#x64A;&#x629; &#x648;&#x627;&#x644;&#x645;&#x62C;&#x645;&#x648;&#x639;&#x629; &#x627;&#x644;&#x62B;&#x627;&#x646;&#x64A;&#x629; &#x62A;&#x643;&#x648;&#x646;&#x62A; &#x645;&#x646; &#x6F1;&#x665;&#x645;&#x631;&#x64A;&#x636;&#x627; &#x645;&#x645;&#x646; &#x62A;&#x644;&#x642;&#x648;&#x627; &#x641;&#x642;&#x637; &#x627;&#x644;&#x639;&#x644;&#x627;&#x62C; &#x628;&#x645;&#x636;&#x627;&#x62F;&#x627;&#x62A; &#x627;&#x644;&#x647;&#x64A;&#x633;&#x62A;&#x627;&#x645;&#x64A;&#x646; &#x648;&#x643;&#x630;&#x644;&#x643; &#x627;&#x644;&#x631;&#x639;&#x627;&#x64A;&#x629; &#x627;&#x644;&#x637;&#x628;&#x64A;&#x629; &#x648;&#x644;&#x642;&#x62F; &#x62A;&#x645; &#x62A;&#x642;&#x64A;&#x64A;&#x645; &#x641;&#x627;&#x639;&#x644;&#x64A;&#x629; &#x627;&#x644;&#x639;&#x644;&#x627;&#x62C; &#x639;&#x646; &#x637;&#x631;&#x64A;&#x642; &#x645;&#x642;&#x64A;&#x627;&#x633; &#x634;&#x62F;&#x629; &#x627;&#x644;&#x623;&#x644;&#x645; &#x648;&#x627;&#x644;&#x646;&#x633;&#x62E;&#x629; &#x627;&#x644;&#x639;&#x631;&#x628;&#x64A;&#x629; &#x645;&#x646; &#x645;&#x642;&#x64A;&#x627;&#x633; &#x627;&#x644;&#x62D;&#x643;&#x629; &#x627;&#x644;&#x62C;&#x644;&#x62F;&#x64A;&#x629; &#x648;&#x644;&#x642;&#x62F; &#x623;&#x638;&#x647;&#x631;&#x62A; &#x627;&#x644;&#x646;&#x62A;&#x627;&#x626;&#x62C; &#x623;&#x646; &#x647;&#x646;&#x627;&#x643; &#x641;&#x631;&#x648;&#x642; &#x630;&#x627;&#x62A; &#x62F;&#x644;&#x627;&#x644;&#x629; &#x625;&#x62D;&#x635;&#x627;&#x626;&#x64A;&#x629; &#x628;&#x64A;&#x646; &#x643;&#x644;&#x627; &#x627;&#x644;&#x645;&#x62C;&#x645;&#x648;&#x639;&#x62A;&#x64A;&#x646; &#x648;&#x643;&#x627;&#x646;&#x62A; &#x627;&#x644;&#x623;&#x641;&#x636;&#x644;&#x64A;&#x629; &#x644;&#x635;&#x627;&#x644;&#x62D; &#x627;&#x644;&#x645;&#x62C;&#x645;&#x648;&#x639;&#x629; &#x627;&#x644;&#x639;&#x644;&#x627;&#x62C;&#x64A;&#x629; &#x627;&#x644;&#x623;&#x648;&#x644;&#x649;</subfield>
  </datafield>
  <datafield tag="530" ind1=" " ind2=" ">
    <subfield code="a">Issues also as CD.</subfield>
  </datafield>
  <datafield tag="546" ind1=" " ind2=" ">
    <subfield code="a">Text in English and abstract in Arabic &amp; English.</subfield>
  </datafield>
  <datafield tag="650" ind1=" " ind2=" ">
    <subfield code="a">Physical Therapy</subfield>
  </datafield>
  <datafield tag="653" ind1=" " ind2=" ">
    <subfield code="a">Renal Pruritus</subfield>
  </datafield>
  <datafield tag="700" ind1=" " ind2=" ">
    <subfield code="a">Zakaria Mowafy Emam</subfield>
    <subfield code="e">thesis advisor.</subfield>
  </datafield>
  <datafield tag="700" ind1=" " ind2=" ">
    <subfield code="a">Sherif Ahmed Swar</subfield>
    <subfield code="e">thesis advisor.</subfield>
  </datafield>
  <datafield tag="700" ind1=" " ind2=" ">
    <subfield code="a">Marwa Mahdy Abdelhameed</subfield>
    <subfield code="e">thesis advisor.</subfield>
  </datafield>
  <datafield tag="900" ind1=" " ind2=" ">
    <subfield code="b">01-01-2021</subfield>
    <subfield code="c">Zakaria Mowafy Emam</subfield>
    <subfield code="c">Sherif Ahmed Swar</subfield>
    <subfield code="c">Marwa Mahdy Abdelhameed</subfield>
    <subfield code="U">Cairo University</subfield>
    <subfield code="F">Faculty of Physical Therapy </subfield>
    <subfield code="D">Department of Physical Therapy for Surgery</subfield>
  </datafield>
  <datafield tag="905" ind1=" " ind2=" ">
    <subfield code="a">Shimaa</subfield>
  </datafield>
  <datafield tag="942" ind1=" " ind2=" ">
    <subfield code="c">TH</subfield>
    <subfield code="2">ddc</subfield>
  </datafield>
  <datafield tag="999" ind1=" " ind2=" ">
    <subfield code="c">163840</subfield>
  </datafield>
  <datafield tag="952" ind1=" " ind2=" ">
    <subfield code="2">ddc</subfield>
    <subfield code="9">295486</subfield>
    <subfield code="a">CUCL</subfield>
    <subfield code="b">cl210</subfield>
    <subfield code="d">2024-02-11</subfield>
    <subfield code="i">85917</subfield>
    <subfield code="o">Cai01.21.07.M.Sc.2021.Am.E</subfield>
    <subfield code="p">01010110085917000</subfield>
    <subfield code="r">2023-10-30 00:00:00</subfield>
    <subfield code="w">2023-10-30</subfield>
    <subfield code="y">TH</subfield>
  </datafield>
</record>
